Asertivitu si často zamieňame s drzosťou

Pojem asertivita a asertívne jednanie. Základné typy komunikácie. Asertivita ako ochrana pred manipulatívnym správaním. Základné asertívne práva.

Na minha lista:
Detalhes bibliográficos
Autor principal: Jarošová, Jana
Formato: Capítulo de Livro
Idioma:eslovaco
Assuntos:
Tags: Adicionar Tag
Sem tags, seja o primeiro a adicionar uma tag!

MARC

LEADER 00000naa a2200000 4500
001 0213966
005 20231120130942.7
041 0 |a slo 
044 |a SK 
245 1 0 |a Asertivitu si často zamieňame s drzosťou  |c Jana Jarošová 
520 |a Pojem asertivita a asertívne jednanie. Základné typy komunikácie. Asertivita ako ochrana pred manipulatívnym správaním. Základné asertívne práva. 
610 2 0 |a asertivita 
610 2 0 |a empatia 
610 2 0 |a psychológia 
610 2 0 |a komunikácia 
100 1 |a Jarošová, Jana